Largest city by timezone - Statistics

General Stats
  • This quiz has been taken 47 times
  • The average score is 16 of 37
Answer Stats
Timezone Population Answer % Correct
0 8869898 London
91%
+9 9272740 Tokyo
87%
-3 11998090 São Paulo
84%
+10 4741874 Sydney
84%
-8 3999759 Los Angeles
82%
+7 9607787 Jakarta
80%
+8 20217748 Shanghai
76%
+2 9153135 Cairo
73%
+5:30 18394912 Mumbai
73%
+3:30 8693706 Tehran
71%
+12 1534700 Auckland
69%
+1 13745000 Lagos
69%
+3 14645178 Istanbul
62%
+6 11086309 Dhaka
60%
-10 350391 Honolulu
60%
+5 14916456 Karachi
58%
-6 8608208 Chicago
56%
-9 294356 Anchorage
51%
-5 9886600 Lima
51%
+4:30 3961500 Kabul
40%
-7 3629114 Phoenix
36%
+4 264581 Dubai
33%
+9.30 1315346 Adelaide
29%
-4 4091151 Caracas
29%
+5:45 1003285 Kathmandu
29%
-12 - Uninhabited
27%
-3:30 219207 St. Johns
18%
+13 35744 Apia
16%
+6:30 4728524 Yangon
16%
-1 127832 Praia
11%
+12:45 640 Chatham Island
2%
+11 179509 Noumea
2%
-2 3016 Fernando de Noronha
0%
+10:30 414 Lord Howe Island
0%
+14 3001 Tabwakea
0%
-11 7945 Tafuna
0%
-9:30 2183 Taiohae
0%
No matching quizzes found
Score Distribution
Percent of People with Each Score
Percentile by Number Answered
Your Score History
You have not taken this quiz